Geography for Bats - Statistics

General Stats
  • This quiz has been taken 51 times
    26 since last reset
  • The average score is 6 of 14
Answer Stats
Hint Answer % Correct
Kurdish city that shares its name with a superhero Batman
96%
Capital of Louisiana {Baton} Rouge
96%
Equatorial Guinea's biggest mainland city Bata
92%
English city formerly known as Aquae Sulis Bath
76%
Colonial name of Jakarta Batavia
68%
Michigan city adjacent to Kalamazoo {Battle} Creek
36%
Philippine province most famous for its role in Word War II Bataan
28%
Indonesian city across the strait from Singapore Batam
28%
Georgia's main Black Sea port Batumi
24%
Cambodia's third-biggest city Battambang
20%
Name of an island, a cape, and an inlet, all in the Canadian Arctic Bathurst
16%
Active volcano on the island of Bali Mount {Batur}
16%
Oman's northern coastal plain, as a physiographic region Al-{Batinah}
4%
Highest point on Australia's Norfolk Island Mount {Bates}
4%
No matching quizzes found
Score Distribution
Percent of People with Each Score
Percentile by Number Answered
Your Score History
You have not taken this quiz since the last reset